00000000nam##2200000za#4500
0019.647769
003CaOODSP
00520241203113635
007ta
008150407|2000||||xxc|||||     f|0| 0 eng|d
020 |a0-662-29033-X
040 |aCaOODSP|beng
043 |an-cn---
0861 |aEn21-204/2000E
1101 |aCanada. |bEnvironment Canada.
24510|aCanada's National Programme of Action for the protection of the marine environment from land-based activities (NPA) / |cPrepared by the Federal/Provincial/Territorial Advisory Committee on Canada's National Programme of Action for the Protection of the Marine Environment from Land-based Activities.
260 |aOttawa - Ontario : |bEnvironment Canada |c2000.
300 |aviii, 123p. : |bmaps, references, tables ; |c28 cm.
500 |a"Canada's goals under the NPA are to: protect human health; reduce the degradation of the marine environment; remediate damaged areas; promote the conservation and sustainable use of marine resources; and maintain the productive capacity and biodiversity of the marine environment."--Executive summary.
5203 |aCanada's goals under the NPA are to: protect human health; reduce the degradation of the marine environment; remediate damaged areas; promote the conservation and sustainable use of marine resources; and maintain the productive capacity and biodiversity of the marine environment.--Executive summary
563 |aSpiral binding
590 |a00-27|b2000-07-07
69007|aEnvironmental impact assessment|2gcpds
69007|aWater pollution|2gcpds
69007|aAquatic ecosystems|2gcpds
69007|aFederal programs|2gcpds
77508|tProgramme d'action national du Canada pour la protection du milieu marin contre la pollution due aux activités terrestres (PAN) / |w(CaOODSP)9.681149
7760#|tCanada's National Programme of Action for the protection of the marine environment from land-based activities (NPA) / |w(CaOODSP)9.696178